Catálogo
 En Linea

Recopilación de textos sobre José Lezama Lima. (Registro nro. 18874)

Detalles MARC
000 -CABECERA
campo de control de longitud fija 00835nam a2200229 a 4500
001 - NÚMERO DE CONTROL
campo de control 000019357
005 - FECHA Y HORA DE LA ÚLTIMA TRANSACCIÓN
campo de control 20200929170007.0
008 - DATOS DE LONGITUD FIJA--INFORMACIÓN GENERAL
campo de control de longitud fija 100626s1970 cu a r 000 | spa d
040 ## - FUENTE DE LA CATALOGACIÓN
Centro catalogador/agencia de origen DO-SdBNP
Lengua de catalogación spa
Centro/agencia transcriptor BNPHU
082 ## - NÚMERO DE LA CLASIFICACIÓN DECIMAL DEWEY
Número de clasificación 868.99231
Número de documento/Ítem R311t
049 ## - FONDOS LOCALES (OCLC)
Fondos de biblioteca BNGR
245 00 - MENCIÓN DE TÍTULO
Título Recopilación de textos sobre José Lezama Lima.
260 ## - PUBLICACIÓN, DISTRIBUCIÓN, ETC.
Lugar de publicación, distribución, etc. La habana :
Nombre del editor, distribuidor, etc. Casa de las Américas,
Fecha de publicación, distribución, etc. 1970.
300 ## - DESCRIPCIÓN FÍSICA
Extensión 375 p. :
Otras características físicas il., ;
Dimensiones 23 cm.
490 1# - MENCIÓN DE SERIE
Mención de serie Serie valoración multiple
500 ## - NOTA GENERAL
Nota general Incluye referencia biográfica del autor en la contracubierta.
504 ## - NOTA DE BIBLIOGRAFÍA, ETC.
Nota de bibliografía, etc. Incluye referencias bibliográficas y notas al pie de las páginas.
600 04 - PUNTO DE ACCESO ADICIONAL DE MATERIA--NOMBRE DE PERSONA
Nombre de persona LEZAMA LIMA, JOSÉ
Fechas asociadas al nombre 1910-1976
Subdivisión general BIOGRAFÍA
9 (RLIN) 41594
650 #4 - PUNTO DE ACCESO ADICIONAL DE MATERIA--TÉRMINO DE MATERIA
Término de materia o nombre geográfico como elemento de entrada Recopilación de información
9 (RLIN) 35415
650 #4 - PUNTO DE ACCESO ADICIONAL DE MATERIA--TÉRMINO DE MATERIA
Término de materia o nombre geográfico como elemento de entrada Recopilación de datos
9 (RLIN) 35414
830 #0 - PUNTO DE ACCESO ADICIONAL DE SERIE-TÍTULO UNIFORME
Título uniforme Serie valoración multiple
9 (RLIN) 41595
Existencias
Estado de retiro Estado de pérdida Restricciones de uso No para préstamo Código de colección Localización permanente Ubicación/localización actual Ubicación en estantería Fecha de adquisición Número de inventario Total de préstamos Signatura topográfica completa Código de barras Fecha visto por última vez Precio válido a partir de Tipo de ítem Koha
        Monografías: Libros y Folletos General General En catalogación 26.06.2010 LF1   868.99231 R311t 19357-10 25.06.2020 25.06.2020 Préstamo en sala

Con tecnología Koha